000 01446nam a2200361Ia 4500
001 ebr10112081
003 CaPaEBR
006 m u
007 cr cn|||||||||
008 041110s2004 ncua sb 001 0 eng d
010 _z 2004559320
020 _z0738498890
040 _aCaPaEBR
_cCaPaEBR
035 _a(OCoLC)62473806
050 1 4 _aTK5105.8885.W43
_bP38 2004eb
082 0 4 _a004.67/8
_222
245 0 0 _aPatterns
_h[electronic resource] :
_bbroker interactions for Intra- and Inter-enterprise /
_c[Carla Sadtler ... et al.].
250 _a1st ed.
260 _aResearch Triangle Park, NC :
_bIBM, International Technical Support Organization,
_cc2004.
300 _axiv, 278 p. :
_bill.
490 1 _aIBM redbooks
500 _a"January 2004."
504 _aIncludes bibliographical references and index.
533 _aElectronic reproduction.
_bPalo Alto, Calif. :
_cebrary,
_d2009.
_nAvailable via World Wide Web.
_nAccess may be limited to ebrary affiliated libraries.
630 0 0 _aWebSphere.
650 0 _aWeb servers
_xComputer programs.
655 7 _aElectronic books.
_2local
700 1 _aSadtler, Carla.
710 2 _aInternational Business Machines Corporation.
_bInternational Technical Support Organization.
710 2 _aebrary, Inc.
830 0 _aIBM redbooks.
856 4 0 _uhttp://site.ebrary.com/lib/rucke/Doc?id=10112081
_zAn electronic book accessible through the World Wide Web; click to view
999 _c106484
_d106484